| 000 | 01106cam a2200193 4500 | ||
|---|---|---|---|
| 001 | L135911 | ||
| 008 | 061218n2006 000 0 eng u | ||
| 035 | _a(Sirsi) u135911 | ||
| 041 | 0 | _aeng | |
| 110 | 2 |
_aDepartment for Culture, Media and Sport _93525 |
|
| 245 | 0 | 0 |
_aUnderstanding the future _b priorities for England's museums _h[electronic resource] |
| 260 |
_aLondon _bDepartment for Culture, Media and Sport _c2006 |
||
| 520 | _aDiscusses responses to the consultation paper 'Understanding the future: museums and 21st century life', published in January 2005, and shows how reponses have been used to form the basis of a national strategy. Discusses the role museums have in education; supporting learners at different levels and with different learning styles. Discusses the importance of museums as cultural institutions. | ||
| 590 | _aKA | ||
| 651 | 4 |
_aUnited Kingdom _y |
|
| 690 | _aANTIQUES AND FINE ART | ||
| 856 | 4 | 0 |
_uhttps://www.culture.gov.uk/Reference_library/Consultations/2006_current_consultations/cons_uf_pem.htm _zView the item free of charge at www.culture.gov.uk... |
| 942 | _n0 | ||
| 999 |
_c106236 _d106236 |
||